Т. 31, № 1; Стратиграфия. Геологическая корреляция

Библиографические подробности
Источник:Стратиграфия. Геологическая корреляция=Stratigraphy and Geological Correlation: научный журнал/ Российская академия наук (РАН), Геологический институт (ГИН). Т. 31, № 1.— .— Москва: Наука, 1993-.— 0869-592X
Примечания:Текстовый файл
Язык:русский
Опубликовано: 2023
Online-ссылка:https://sciencejournals.ru/view-issue/?j=stratrus&y=2023&v=31&n=1
Формат: MixedMaterials Электронный ресурс Книга
Запись в KOHA:https://koha.lib.tpu.ru/cgi-bin/koha/opac-detail.pl?biblionumber=590593

MARC

LEADER 00000nam2a2200000 4500
001 590593
005 20250416143520.0
035 |a (RuTPU)RU\TPU\prd\293358 
035 |a RU\TPU\prd\292294 
090 |a 590593 
100 |a 20230629d2023 k||y0rusy50 ca 
101 0 |a rus 
102 |a RU 
105 |a a z 001yy 
135 |a drcn uucaa 
181 0 |a i   |b  e  
182 0 |a b 
183 |a cr  |2 RDAcarrier 
200 0 |a Т. 31, № 1 
203 |a Текст  |c электронный  |b визуальный 
210 |d 2023 
283 |a online_resource  |2 RDAcarrier 
320 |a Библиография в конце статей 
336 |a Текстовый файл 
461 1 |0 577958  |9 577958  |t Стратиграфия. Геологическая корреляция  |l Stratigraphy and Geological Correlation  |o научный журнал  |f Российская академия наук (РАН), Геологический институт (ГИН)  |c Москва  |n Наука  |d 1993-  |x 0869-592X  |v Т. 31, № 1 
801 0 |a RU  |b 63413507  |c 20010227  |g PSBO 
801 1 |a RU  |b 63413507  |c 20160324 
801 2 |a RU  |b 63413507  |c 20230629  |g RCR 
801 2 |a RU  |b 63413507  |c 20250416  |g PSBO 
850 |a 63413507 
856 4 0 |u https://sciencejournals.ru/view-issue/?j=stratrus&y=2023&v=31&n=1  |z https://sciencejournals.ru/view-issue/?j=stratrus&y=2023&v=31&n=1 
942 |c CF